000 00744nam a22001817a 4500
999 _c370813
_d370813
008 201130b ||||| |||| 00| 0 eng d
040 _bger
_cDE-2950
_erda
_aDE-2950
041 _ager
245 _aWas Menschen in Frankfurt von der 2G-Regel halten.
_bCorona: Die neue Option, nur noch Geimpfte und Genesene reinzulassen, kommt in Gastronomie und Kultur nicht besonders gut an /
_cJanine Blees und Lisa Mahlke
264 _c2021
653 _aFrankfurt (Oder)
653 _aPandemie / Corona
773 _dFrankfurt (Oder): Märkisches Verlags- und Druckhaus GmbH & Co KG
_g32. Jahrgang (2021) Nr. 218 vom 18./19.09.2021, S. 15
_tMärkische Oderzeitung
942 _cA